000 01231nam a22003857a 4500
001 0042129
003 KOHA_MİRAKIL
005 20260207003301.0
007 ta
008 130730b2008 tu a|||gr||||#||||0|tur |
020 _a9789759951474
040 _aTR-BiSEU
_btur
_cTR-BiSEU
_erda
041 0 _atur
044 _ctu
050 _aBP173.75
_b.T33 2008
100 1 _aTabakoğlu, Ahmet.
245 1 _aİslam iktisadı'na giriş/
_cAhmet Tabakoğlu ; Ahmet Tabakoğlu.
250 _aGözden geçirilmiş 2. askı
264 1 _aİstanbul :
_bDergah Yayınları
_c2008
300 _a504 sayfa :
_bresimli ;
_c25 cm.
336 _ametin
_btxt
_2rdacontent
337 _aaracısız
_bn
_2rdamedia
338 _acilt
_bnc
_2rdacarrier
490 1 _aDergah yayınları ;
_v70.
490 1 _aÇağdaş Türk Düşüncesi ;
_v47.
500 _aKaynakça var.
500 _aDizin var.
650 0 _aİslam--Ekonomik yönleri.
_978255
650 0 _aIslam--Economic aspects.
_98929
650 0 _aEkonomi--Dini yönleri--İslam.
_978256
650 0 _aEconomics--Religious aspects--Islam.
_98928
830 1 _aDergah yayınları ;
_v70.
_915870
830 1 _aÇağdaş Türk Düşüncesi ;
_v47.
_927231
942 _2lcc
_cBK
999 _c41966
_d41966